|
|
|
|
| LEADER |
00926cam a2200277 7i4500 |
| 001 |
0000037000 |
| 005 |
20221125090000.0 |
| 007 |
##ta |
| 008 |
221125s2023 eng |
| 020 |
# |
# |
|a 9780367724801
|
| 040 |
# |
# |
|a MATR
|
| 090 |
0 |
# |
|a I 664.09
|b HAN
|
| 245 |
0 |
0 |
|a Handbook of Aseptic Processing and Packaging
|c edited by Jairus R. D. David, Pablo M. Coronel and Josip Simunovic.
|
| 250 |
# |
# |
|a Third Edition.
|
| 264 |
# |
1 |
|a Boca Raton:
|b CRC Press,
|c 2023.
|
| 300 |
# |
# |
|a xxii, 679 pages:
|b illustrations;
|c 30 cm.
|
| 336 |
# |
# |
|a text
|2 rdacontent
|
| 337 |
# |
# |
|a unmediated
|2 rdamedia
|
| 338 |
# |
# |
|a volume
|2 rdacarrier
|
| 504 |
# |
# |
|a Includes bibliographical references and index
|
| 650 |
# |
0 |
|a Food --
|x Preservation.
|
| 650 |
# |
0 |
|a Food --
|x Packaging.
|
| 700 |
0 |
# |
|a David, Jairus R. D.
|
| 700 |
0 |
# |
|a Coronel, Pablo M.
|
| 700 |
0 |
# |
|a Simunovic, Josip
|
| 999 |
|
|
|a 0000041903
|b Book
|c Book
|e Business Information Centre
|